[Event "Titled Tuesday intern op 24th Sep Early"]
[Site "Chess.com INT"]
[Date "2024.09.24"]
[Round "1"]
[White "Idnani, Taran"]
[Black "Bodnar, Bogdan"]
[Result "1-0"]
[WhiteElo "1993"]
[BlackElo "1984"]
[PlyCount "53"]
[EventDate "2024.09.24"]
[EventType "swiss (blitz)"]
[EventRounds "11"]
[EventCountry "USA"]
[SourceTitle "EXT 2025"]
[Source "ChessBase"]
[SourceDate "2024.10.14"]
[SourceVersion "1"]
[SourceVersionDate "2024.10.14"]
[SourceQuality "1"]

1. e4 c6 2. d4 d5 3. e5 c5 4. dxc5 Nc6 5. Nf3 Bg4 6. Bb5 e6 7. a3 Bxc5 8. b4 Bb6 9. Bb2 Nge7 10. 0-0 0-0 11. Nbd2 Qc7 12. h3 Bxf3 13. Nxf3 Ng6 14. Qe2 a6 15. Bd3 Rac8 16. g3 Qb8 17. Kg2 Qa7 18. h4 Nge7 19. Rad1 g6 20. h5 Rfd8 21. Rh1 Nf5 22. hxg6 hxg6 23. Bxf5 exf5 24. Qd2 Kf8 25. Qg5 Ke8 26. Qf6 d4 27. Rh8+ 1-0

[Event "Titled Tuesday intern op 10th Sep Early"]
[Site "Chess,com INT"]
[Date "2024.09.10"]
[Round "7"]
[White "Idnani, Taran"]
[Black "Sharapov, Evgeny"]
[Result "1/2-1/2"]
[WhiteElo "1993"]
[BlackElo "2375"]
[PlyCount "102"]
[EventDate "2024.09.10"]
[EventType "swiss (blitz)"]
[EventRounds "11"]
[EventCountry "USA"]
[SourceTitle "EXT 2025"]
[Source "ChessBase"]
[SourceDate "2024.10.14"]
[SourceVersion "1"]
[SourceVersionDate "2024.10.14"]
[SourceQuality "1"]

1. e4 c5 2. Nf3 d6 3. d4 cxd4 4. Qxd4 e5 5. Qd1 h6 6. Bc4 Nf6 7. Nc3 Be7 8. 0-0 0-0 9. Be3 Nbd7 10. a4 b6 11. Nh4 Bb7 12. f3 Rc8 13. Bb3 Nc5 14. Bxc5 Rxc5 15. Nf5 Qc7 16. Nb5 Qd7 17. Nxe7+ Qxe7 18. Qxd6 Qxd6 19. Nxd6 Ba6 20. Rfd1 Nh5 21. Nxf7 Kh7 22. Nd6 Nf4 23. Nb5 Bxb5 24. axb5 Ne2+ 25. Kf2 Nd4 26. Ba4 Nxc2 27. Bxc2 Rxc2+ 28. Kg3 Rxb2 29. Rxa7 Rf6 30. f4 Rg6+ 31. Kf3 exf4 32. Kxf4 Rgxg2 33. Rd5 Rxh2 34. Ke5 Rh5+ 35. Kd6 Rxd5+ 36. Kxd5 Rxb5+ 37. Kd6 Rb1 38. e5 Rd1+ 39. Kc6 Re1 40. Kd6 h5 41. e6 h4 42. e7 Kg6 43. Ra6 Kg5 44. Rxb6 Rxe7 45. Kxe7 h3 46. Kf7 h2 47. Rb1 Kg4 48. Kxg7 Kg3 49. Kg6 Kg2 50. Kg5 h1Q 51. Rxh1 Kxh1 1/2-1/2

[Event "Titled Tuesday intern op 03rd Sep Late"]
[Site "Chess.com INT"]
[Date "2024.09.03"]
[Round "1"]
[White "Idnani, Taran"]
[Black "Altini, Nicola"]
[Result "0-1"]
[WhiteElo "1993"]
[BlackElo "2374"]
[PlyCount "82"]
[EventDate "2024.09.03"]
[EventType "swiss (blitz)"]
[EventRounds "11"]
[EventCountry "USA"]
[SourceTitle "EXT 2025"]
[Source "ChessBase"]
[SourceDate "2024.10.14"]
[SourceVersion "1"]
[SourceVersionDate "2024.10.14"]
[SourceQuality "1"]

1. e4 c5 2. Nf3 e6 3. g3 Nc6 4. Bg2 Nf6 5. e5 Ng4 6. d4 cxd4 7. Nxd4 Ngxe5 8. 0-0 Bc5 9. Nb3 Bb6 10. Nc3 d5 11. Bf4 Ng6 12. Qd2 Nxf4 13. Qxf4 0-0 14. Rad1 Qf6 15. Qxf6 gxf6 16. Nb5 Rd8 17. Rd2 a6 18. Nc3 Bd7 19. Na4 Ba7 20. Rfd1 Ne5 21. Nac5 Bc6 22. c3 Nc4 23. Rc2 Rac8 24. Nd3 Ba4 25. Re1 b6 26. Rce2 a5 27. f4 Nd6 28. h3 Bb5 29. Nbc1 Ne4 30. Kh2 f5 31. g4 fxg4 32. hxg4 Bb8 33. Re3 f5 34. g5 d4 35. cxd4 Rxd4 36. Ne5 Nf2 37. Nb3 Rxf4 38. Kg3 Nd3 39. Rxd3 Rg4+ 40. Kf3 Bxe5 41. Rde3 Bc6+ 0-1

[Event "Titled Tuesday intern op 03rd Sep Early"]
[Site "Chess.com INT"]
[Date "2024.09.03"]
[Round "2"]
[White "Idnani, Taran"]
[Black "Mortazavi, Ali"]
[Result "0-1"]
[WhiteElo "1993"]
[BlackElo "2333"]
[PlyCount "32"]
[EventDate "2024.09.03"]
[EventType "swiss (blitz)"]
[EventRounds "11"]
[EventCountry "USA"]
[SourceTitle "EXT 2025"]
[Source "ChessBase"]
[SourceDate "2024.10.14"]
[SourceVersion "1"]
[SourceVersionDate "2024.10.14"]
[SourceQuality "1"]

1. e4 c6 2. d4 d5 3. e5 Bf5 4. Nf3 e6 5. Be2 Ne7 6. 0-0 Ng6 7. c3 Nd7 8. a4 f6 9. exf6 Qxf6 10. a5 a6 11. Bg5 Qf7 12. Bd3 Bd6 13. Qe2 0-0 14. Re1 Bxd3 15. Qxd3 e5 16. dxe5 Ndxe5 0-1

[Event "Titled Tuesday intern op 09th Apr Late"]
[Site "Chess.com INT"]
[Date "2024.04.09"]
[Round "1"]
[White "Papayan, Oleg"]
[Black "Idnani, Taran"]
[Result "1-0"]
[WhiteElo "2183"]
[BlackElo "1993"]
[PlyCount "47"]
[EventDate "2024.04.09"]
[EventType "swiss (blitz)"]
[EventRounds "11"]
[EventCountry "USA"]
[SourceTitle "EXT 2025"]
[Source "ChessBase"]
[SourceDate "2024.10.14"]
[SourceVersion "1"]
[SourceVersionDate "2024.10.14"]
[SourceQuality "1"]

1. e4 c6 2. d4 d5 3. Nc3 dxe4 4. Nxe4 Nf6 5. Nxf6+ exf6 6. Bd3 Bd6 7. Qh5 Be6 8. Ne2 Nd7 9. Nf4 Bxf4 10. Bxf4 Qe7 11. 0-0 0-0-0 12. Qa5 Nb6 13. Qxa7 Nd5 14. Qb8+ Kd7 15. Qxb7+ Ke8 16. Qxc6+ Kf8 17. Bd2 g5 18. c4 Nb4 19. Bxb4 Qxb4 20. d5 Rd6 21. Qc7 Bg4 22. a3 Qb6 23. Qxb6 Rxb6 24. b4 1-0

[Event "Titled Tuesday intern op 26th Mar Early"]
[Site "Chess.com INT"]
[Date "2024.03.26"]
[Round "4"]
[White "Idnani, Taran"]
[Black "Domingo Nunez, Alejandro"]
[Result "0-1"]
[WhiteElo "1993"]
[BlackElo "2316"]
[PlyCount "148"]
[EventDate "2024.03.26"]
[EventType "swiss (blitz)"]
[EventRounds "11"]
[EventCountry "USA"]
[SourceTitle "EXT 2025"]
[Source "ChessBase"]
[SourceDate "2024.10.14"]
[SourceVersion "1"]
[SourceVersionDate "2024.10.14"]
[SourceQuality "1"]

1. e4 g6 2. d4 Bg7 3. Nc3 c6 4. Be3 d5 5. e5 f6 6. Nf3 Bg4 7. exf6 Nxf6 8. Be2 Bxf3 9. Bxf3 0-0 10. Qd2 Nbd7 11. 0-0-0 e5 12. h4 h5 13. Bh6 exd4 14. Bxg7 Kxg7 15. Qxd4 Qb6 16. Qd2 Ne5 17. Rhe1 Rae8 18. Na4 Qb5 19. Nc3 Qb6 20. Na4 Qa6 21. Nc3 Nc4 22. Qg5 Qa5 23. a3 Nxa3 24. Nxd5 cxd5 25. Rxe8 Rxe8 26. bxa3 Qxa3+ 27. Kd2 Qb4+ 28. Kc1 Qa3+ 29. Kd2 Re4 30. c3 Qb2+ 31. Kd3 Qxf2 32. Rd2 Qxh4 33. Qxh4 Rxh4 34. Rb2 b6 35. Ra2 a5 36. Rb2 Nd7 37. Bxd5 Nc5+ 38. Ke3 Na4 39. Rb3 Kf6 40. Bc6 Kg5 41. Bxa4 Rxa4 42. Rxb6 Ra2 43. g3 Kf5 44. c4 Rc2 45. Kd4 g5 46. Rb5+ Kg4 47. Rxa5 Rd2+ 48. Ke3 Rc2 49. Kd3 Rc1 50. c5 Kxg3 51. c6 Kg4 52. Ra6 h4 53. Kd4 h3 54. Kd5 h2 55. Ra4+ Kg3 56. Ra3+ Kg2 57. Ra2+ Kg1 58. Rxh2 Kxh2 59. Kd6 g4 60. c7 g3 61. Kd7 g2 62. c8Q Rxc8 63. Kxc8 g1Q 64. Kd7 Qg6 65. Kc7 Qf6 66. Kb7 Qe6 67. Ka7 Qd6 68. Kb7 Qc5 69. Kb8 Qc6 70. Ka7 Qb5 71. Ka8 Kg3 72. Ka7 Kf4 73. Ka8 Ke5 74. Ka7 Kd6 0-1

[Event "Titled Tuesday intern op 26th Mar Early"]
[Site "Chess.com INT"]
[Date "2024.03.26"]
[Round "3"]
[White "Idnani, Taran"]
[Black "Pastar, Slaven"]
[Result "0-1"]
[WhiteElo "1993"]
[BlackElo "2363"]
[PlyCount "113"]
[EventDate "2024.03.26"]
[EventType "swiss (blitz)"]
[EventRounds "11"]
[EventCountry "USA"]
[SourceTitle "EXT 2025"]
[Source "ChessBase"]
[SourceDate "2024.10.14"]
[SourceVersion "1"]
[SourceVersionDate "2024.10.14"]
[SourceQuality "1"]

1. e4 b6 2. d4 Bb7 3. Nc3 e6 4. Nf3 Bb4 5. Bd3 Nf6 6. e5 Ne4 7. Bd2 Nxd2 8. Qxd2 Bxf3 9. gxf3 Qh4 10. Be4 Nc6 11. a3 Bxc3 12. Qxc3 0-0-0 13. 0-0-0 Kb8 14. Bxc6 dxc6 15. Qxc6 Rxd4 16. c3 Qf4+ 17. Kc2 Rxd1 18. Rxd1 Qxe5 19. Rd7 Qf5+ 20. Kb3 Rc8 21. a4 h5 22. Ka2 a5 23. Qc4 Qxf3 24. Qd4 g5 25. Qe5 Qc6 26. Rxf7 Qxa4+ 27. Kb1 Qd1+ 28. Ka2 Qd5+ 29. Qxd5 exd5 30. Rf5 Rg8 31. Rxd5 h4 32. Rd7 Rf8 33. Rd2 Rf4 34. Kb3 g4 35. Kc2 h3 36. Kd3 Kb7 37. Ke3 Rf3+ 38. Ke2 Rf4 39. Ke3 Rc4 40. Rd7 b5 41. Rf7 b4 42. Kd3 Rc6 43. cxb4 axb4 44. Rf4 b3 45. Rxg4 Rc2 46. Rb4+ Kc8 47. Rxb3 Rxf2 48. Ke4 Rxh2 49. Kd5 Kd7 50. Rg3 Rh1 51. Rg7+ Kc8 52. Kc6 Rc1+ 53. Kd5 h2 54. Rg8+ Kb7 55. Rh8 h1Q+ 56. Rxh1 Rxh1 57. b4 0-1

[Event "Titled Tuesday intern op 19th Mar Late"]
[Site "Chess.com INT"]
[Date "2024.03.19"]
[Round "2"]
[White "Idnani, Taran"]
[Black "Song, Ethan"]
[Result "0-1"]
[WhiteElo "1993"]
[BlackElo "2208"]
[PlyCount "152"]
[EventDate "2024.03.19"]
[EventType "swiss (blitz)"]
[EventRounds "11"]
[EventCountry "USA"]
[SourceTitle "EXT 2025"]
[Source "ChessBase"]
[SourceDate "2024.10.14"]
[SourceVersion "1"]
[SourceVersionDate "2024.10.14"]
[SourceQuality "1"]

1. e4 e5 2. Nf3 Nc6 3. d4 exd4 4. Nxd4 Nf6 5. Nxc6 bxc6 6. e5 Qe7 7. Qe2 Nd5 8. h4 Qe6 9. c4 Nb6 10. Nc3 g6 11. Rh3 Bg7 12. Re3 0-0 13. b3 d6 14. Bb2 dxe5 15. 0-0-0 Bh6 16. g3 Bxe3+ 17. Qxe3 Ba6 18. Bg2 Rad8 19. Re1 Bxc4 20. bxc4 Nxc4 21. Qh6 Nxb2 22. Kxb2 Rb8+ 23. Kc2 Rfd8 24. Qe3 Qc4 25. Bf1 Qb4 26. Rb1 Qa3 27. Bc4 Rxb1 28. Nxb1 Qb4 29. Bb3 a5 30. Nc3 c5 31. Qe4 Qd4 32. Qxd4 cxd4 33. Ne4 Kg7 34. Ng5 Rd7 35. Kd3 h6 36. Nf3 f6 37. g4 Re7 38. Ke4 h5 39. gxh5 f5+ 40. Kd5 gxh5 41. Nxe5 c5 42. Nd3 Kf6 43. Kxc5 Re4 44. f4 Re3 45. Kxd4 Rh3 46. Ne5 Rxh4 47. Ke3 Rh3+ 48. Nf3 Rh1 49. Bc2 h4 50. Nd4 h3 51. Bxf5 h2 52. Be4 Re1+ 53. Ne2 Ke7 54. Kd2 h1Q 55. Bxh1 Rxh1 56. Kd3 Kd6 57. Kc4 Kc6 58. f5 Rh4+ 59. Nd4+ Kd6 60. Kc3 Kd5 61. Nc2 Kc5 62. a3 Rh3+ 63. Kb2 a4 64. Nb4 Kc4 65. f6 Rh2+ 66. Kc1 Rf2 67. Nc2 Rxf6 68. Kb2 Rb6+ 69. Ka2 Kc3 70. Nb4 Rh6 71. Nd5+ Kc4 72. Ne3+ Kd3 73. Nd5 Rh2+ 74. Kb1 Kc4 75. Nb4 Kb3 76. Ka1 Rh1# 0-1

[Event "Titled Tuesday intern op 27th Feb Early"]
[Site "Chess.com INT"]
[Date "2024.02.27"]
[Round "1"]
[White "Sipila, Vilka"]
[Black "Idnani, Taran"]
[Result "1-0"]
[WhiteElo "2440"]
[BlackElo "1988"]
[PlyCount "55"]
[EventDate "2024.02.27"]
[EventType "swiss (blitz)"]
[EventRounds "11"]
[EventCountry "USA"]
[SourceTitle "EXT 2025"]
[Source "ChessBase"]
[SourceDate "2024.10.14"]
[SourceVersion "1"]
[SourceVersionDate "2024.10.14"]
[SourceQuality "1"]

1. e4 c5 2. Nf3 d6 3. d4 cxd4 4. Nxd4 Nf6 5. Nc3 a6 6. h4 e5 7. Nb3 Nc6 8. Bg5 Be7 9. Qd2 Be6 10. 0-0-0 Qc7 11. Bxf6 gxf6 12. Nd5 Bxd5 13. exd5 Nb8 14. Bd3 Nd7 15. Kb1 Nc5 16. Bf5 b5 17. Rh3 Nxb3 18. cxb3 a5 19. Rc1 Qb7 20. Rhc3 Bd8 21. Rc6 Ke7 22. Qh6 Bb6 23. Rxd6 Kxd6 24. Qxf6+ Kxd5 25. Be4+ Kxe4 26. Qf3+ Kd4 27. Rd1+ Kc5 28. Qc3# 1-0

[Event "Titled Tuesday intern op 20th Feb Late"]
[Site "Chess.com INT"]
[Date "2024.02.20"]
[Round "10"]
[White "Toktomushev, Teimur"]
[Black "Idnani, Taran"]
[Result "1-0"]
[WhiteElo "2268"]
[BlackElo "1988"]
[PlyCount "99"]
[EventDate "2024.02.20"]
[EventType "swiss (blitz)"]
[EventRounds "11"]
[EventCountry "USA"]
[SourceTitle "EXT 2025"]
[Source "ChessBase"]
[SourceDate "2024.10.14"]
[SourceVersion "1"]
[SourceVersionDate "2024.10.14"]
[SourceQuality "1"]

1. d4 Nf6 2. c4 c5 3. d5 b5 4. cxb5 a6 5. bxa6 d6 6. Nc3 Bxa6 7. e4 Bxf1 8. Kxf1 g6 9. g3 Bg7 10. Kg2 0-0 11. Nf3 Nbd7 12. a4 Qb6 13. Ra3 Rfb8 14. Qc2 Ng4 15. h3 Nge5 16. Nd2 Qa6 17. Nb5 Nb6 18. Nc7 Qe2 19. Re3 Qh5 20. Nxa8 Rxa8 21. b3 Bh6 22. f4 Ned7 23. Qd1 Qxd1 24. Rxd1 Bg7 25. Ba3 Bd4 26. Re2 h5 27. Rc1 c4 28. Nxc4 Nxc4 29. Rxc4 Bc5 30. Bxc5 Nxc5 31. b4 Rxa4 32. Rec2 Nd3 33. b5 Ra1 34. Rc8+ Kg7 35. Re2 Rb1 36. Rc7 Kf6 37. e5+ dxe5 38. fxe5+ Kf5 39. Rxe7 Rxb5 40. Rxf7+ Kg5 41. e6 Rxd5 42. h4+ Kg4 43. e7 Ne1+ 44. Rxe1 Rd2+ 45. Kh1 Kxg3 46. Re3+ Kxh4 47. e8Q Rd1+ 48. Kg2 g5 49. Qe4+ g4 50. Qe7# 1-0

[Event "Titled Tuesday intern op 07th Nov Early"]
[Site "Chess.com INT"]
[Date "2023.11.07"]
[Round "1"]
[White "Wong, Yinn Long"]
[Black "Idnani, Taran"]
[Result "1-0"]
[WhiteElo "2306"]
[BlackElo "1988"]
[PlyCount "99"]
[EventDate "2023.11.07"]
[EventType "swiss (blitz)"]
[EventRounds "11"]
[EventCountry "USA"]
[SourceTitle "EXT 2025"]
[Source "ChessBase"]
[SourceDate "2024.10.14"]
[SourceVersion "1"]
[SourceVersionDate "2024.10.14"]
[SourceQuality "1"]

1. e4 c6 2. d4 d5 3. Nd2 dxe4 4. Nxe4 Nf6 5. Nxf6+ exf6 6. c3 Bf5 7. Ne2 Bd6 8. Ng3 Bg6 9. Bd3 0-0 10. 0-0 Nd7 11. Nf5 Bxf5 12. Bxf5 g6 13. Bd3 Re8 14. Qf3 Nb6 15. Bh6 Bf8 16. Bxf8 Kxf8 17. Rfe1 Qd6 18. g3 f5 19. Rad1 Nd5 20. Bc4 Nf6 21. Kg2 Re4 22. Bd3 Ree8 23. Re3 Nd5 24. Re2 Rxe2 25. Bxe2 Re8 26. Bc4 Nf6 27. Bd3 Qd5 28. Qxd5 Nxd5 29. Kf3 Kg7 30. h4 h6 31. a4 Kf6 32. a5 g5 33. hxg5+ hxg5 34. Bc4 Nc7 35. Rh1 Kg6 36. g4 fxg4+ 37. Kxg4 f5+ 38. Kf3 b5 39. axb6 axb6 40. Ra1 g4+ 41. Kg3 Kg5 42. Ra7 f4+ 43. Kg2 Nd5 44. Rg7+ Kf5 45. Bd3+ Kf6 46. Rxg4 Ra8 47. Rg6+ Kf7 48. Rxc6 Ra2 49. Bc4 Rxb2 50. Bxd5+ 1-0

[Event "Titled Tuesday intern op 10th Oct Early"]
[Site "Chess.com INT"]
[Date "2023.10.10"]
[Round "3"]
[White "Idnani, Taran"]
[Black "Monpeurt, Cyrielle"]
[Result "0-1"]
[WhiteElo "1988"]
[BlackElo "2170"]
[PlyCount "130"]
[EventDate "2023.10.10"]
[EventType "swiss (blitz)"]
[EventRounds "11"]
[EventCountry "USA"]
[SourceTitle "EXT 2025"]
[Source "ChessBase"]
[SourceDate "2024.10.14"]
[SourceVersion "1"]
[SourceVersionDate "2024.10.14"]
[SourceQuality "1"]

1. e4 d5 2. exd5 Qxd5 3. Nc3 Qd6 4. Nf3 Nf6 5. Bc4 Bg4 6. h3 Bh5 7. d4 e6 8. Be3 a6 9. Qd2 Nc6 10. g4 Bg6 11. 0-0-0 0-0-0 12. Rhe1 Nd5 13. Bxd5 exd5 14. a3 Be7 15. Bf4 Qd7 16. Ne5 Nxe5 17. dxe5 d4 18. Ne2 Qa4 19. Bg3 Bxa3 20. bxa3 Qxa3+ 21. Kb1 Rd5 22. Nxd4 Ra5 23. Qxa5 Qxa5 24. f4 c5 25. Nb3 Qc3 26. f5 Qxg3 27. fxg6 hxg6 28. Nxc5 Qa3 29. Nb3 a5 30. Rd3 Qb4 31. Red1 a4 32. Rd4 Qa3 33. Na5 Kb8 34. R1d3 Qc5 35. Nc4 Rc8 36. Ne3 Qb5+ 37. Ka2 Qb6 38. c4 Qb4 39. Nd5 Qc5 40. Nc3 Qb4 41. Nd5 Qa5 42. Nc3 Ka7 43. Nb5+ Kb8 44. Rd8 Rxd8 45. Rxd8+ Qxd8 46. Nd6 Kc7 47. Nxf7 Qd2+ 48. Ka3 Qc3+ 49. Kxa4 Qxc4+ 50. Ka5 Qxf7 51. e6 Qxe6 52. g5 Qb6+ 53. Ka4 Qa6+ 54. Kb4 b5 55. h4 Qa4+ 56. Kc3 Kb6 57. Kb2 Kc5 58. h5 gxh5 59. g6 Kb4 60. Kb1 Qb3+ 61. Ka1 Qa3+ 62. Kb1 Kc4 63. Kc2 Qa2+ 64. Kc1 Kc3 65. Kd1 Qd2# 0-1